000 01580cam a22004217a 4500
003 CHAP
005 20220329143024.0
008 050829d2004 mx bd r 00110 spa d
010 _a90807
011 _a91779
020 _a9682325358
035 _a102342
040 _cCHAP
082 0 4 _a338.9098
_bA2
100 0 0 _aAcevedo López, María Guadalupe.
_9508
245 1 0 _aReestructuración económica y desarrollo en América Latina
_c/por María Guadalupe Acevedo López [y otros]
260 _aMéxico, D. F. :
_bSiglo Veintiuno,
_c2004-
300 _av. :
_bgráfs. ; mapas ; cuadros
490 0 _aSociología y política
500 _aLa biblioteca tiene: v.2 El debate latinoamericano.
590 _aBATCH-UPD
_b10
_c20130110
_lUCH01
_h0236
590 _aBATCH-UPD
_b10
_c20130110
_lUCH01
_h1254
590 _aBATCH-UPD
_b10
_c20130409
_lUCH01
_h2301
590 _aBATCH-UPD
_b10
_c20130410
_lUCH01
_h1244
590 _aBATCH-UPD
_b10
_c20130913
_lUCH01
_h1902
590 _aCONVERSION
_b10
_c20130109
_lUCH01
_h1350
650 1 4 _aAmerica Latina
_xAspectos economicos.
_95385
650 1 4 _aAmerica Latina
_xCondiciones economicas.
_95390
650 1 4 _aAmérica Latina
_xIntegración económica.
_95403
650 1 4 _aCaribe
_xCondiciones económicas.
_918958
650 1 4 _aGlobalización.
_948300
650 1 4 _aPolítica económica
_zAmérica Latina.
_990532
830 0 _aSociología y política
_9108249
901 _aBK
905 _aMarco A. Mendoza T.
942 _cLIBRO
949 _a338.9098 A2
_bBC
_cLIBRO
_d33724000976932
_eLIBRO
_fv.2
_gI.c/e
_h106660
_i102342
_si
_t$220.00
999 _c90807
_d90807